Music and Game [electronic resource] : Perspectives on a Popular Alliance / edited by Peter Moormann.
Record details
- ISBN: 9783531189130
- Physical Description: IX, 223 p. 2 illus. online resource.
- Publisher: Wiesbaden : Springer Fachmedien Wiesbaden : 2013.
Search for related items by subject
| Subject: | Social sciences. Social Sciences. Communication Studies. |
Search for related items by series
Electronic resources
| LDR | 01331nam a22003615i 4500 | ||
|---|---|---|---|
| 001 | 20346 | ||
| 003 | CONS | ||
| 005 | 20130726212219.0 | ||
| 007 | cr nn 008mamaa | ||
| 008 | 120810s2013 gw | s |||| 0|eng d | ||
| 020 | . | ‡a9783531189130 ‡9978-3-531-18913-0 | |
| 024 | 7 | . | ‡a10.1007/978-3-531-18913-0 ‡2doi |
| 035 | . | ‡a(DE-He213)978-3-531-18913-0 | |
| 050 | 4. | ‡aP87-96 | |
| 072 | 7. | ‡aGTC ‡2bicssc | |
| 072 | 7. | ‡aLAN004000 ‡2bisacsh | |
| 100 | 1 | . | ‡aMoormann, Peter. ‡eeditor. |
| 245 | 1 | 0. | ‡aMusic and Game ‡h[electronic resource] : ‡bPerspectives on a Popular Alliance / ‡cedited by Peter Moormann. |
| 264 | 1. | ‡aWiesbaden : ‡bSpringer Fachmedien Wiesbaden : ‡bImprint: Springer VS, ‡c2013. | |
| 300 | . | ‡aIX, 223 p. 2 illus. ‡bonline resource. | |
| 336 | . | ‡atext ‡btxt ‡2rdacontent | |
| 337 | . | ‡acomputer ‡bc ‡2rdamedia | |
| 338 | . | ‡aonline resource ‡bcr ‡2rdacarrier | |
| 347 | . | ‡atext file ‡bPDF ‡2rda | |
| 490 | 1 | . | ‡aMusik und Medien |
| 650 | 0. | ‡aSocial sciences. | |
| 650 | 1 | 4. | ‡aSocial Sciences. |
| 650 | 2 | 4. | ‡aCommunication Studies. |
| 710 | 2 | . | ‡aSpringerLink (Online service) |
| 773 | 0 | . | ‡tSpringer eBooks |
| 776 | 0 | 8. | ‡iPrinted edition: ‡z9783531174099 |
| 830 | 0. | ‡aMusik und Medien | |
| 856 | 4 | 0. | ‡uhttp://biblioteca.ipicyt.edu.mx:2048/login?url=http://dx.doi.org/10.1007/978-3-531-18913-0 ‡yTexto completo ‡9CONS |
| 950 | . | ‡aHumanities, Social Sciences and Law (Springer-11648) | |
| 901 | . | ‡a20346 ‡b ‡c20346 ‡tbiblio ‡sSystem Local | |